000 01213nam a2200253 4500
003 DO-SdUA
005 20250325093536.0
008 s2020 dr || |||| 0 |a||0|spa d
040 _aDO-SdUA
_bspa
_cDO-SdUA
041 0 _aspa
092 _aMA-PPGE 0018 FCE 2020
100 1 _aMedina Martínez, Mercedes
245 1 0 _aImplementación de las estrategias lúdicas en el desarrollo socio afectivo de los estudiantes de nivel inicial del Colegio Mundo Feliz del Distrito Educativo 11-02 de Puerto Plata, año escolar 2019-2020 /
_cMercedes Medina Martínez.
260 _aPuerto Plata :
_bUASD,
_c2020.
300 _av, 67 h.
502 _aTesis y trabajo de grado (Maestría en Procesos Pedagógicos y Gestión de la Educación Infantil)--Universidad Autónoma de Santo Domingo, Puerto Plata, 2020.
504 _aIncluye referencias bibliográficas y anexos.
530 _aTambién disponible en CD-ROM (CD MA-PPGE 0018 FCE 2020).
650 7 _2lemb
_928139
_aTécnicas de enseñanza
650 7 _2lemb
_916827
_aJuegos educativos
650 7 _2lemb
_9630
_aActividades creativas y trabajo de clase
830 _aTesis y disertaciones académicas (Universidad Autónoma de Santo Domingo)
942 _2cl
_cT
_n0
999 _c12705
_d12705